[Event "KOS-chT"]
[Site "Pristina"]
[Date "2025.05.25"]
[Round "3.21"]
[White "Jashari, Nuhi"]
[Black "Xhembulla, Aleksander"]
[Result "0-1"]
[WhiteElo "2155"]
[BlackElo "2295"]
[PlyCount "86"]
[EventDate "2025.05.24"]
[EventType "team-tourn"]
[EventRounds "7"]
[EventCountry "KOS"]
[SourceTitle "CB23_2025"]
[SourceDate "2025.06.04"]
[SourceVersion "1"]
[SourceVersionDate "2025.06.04"]
[SourceQuality "1"]
[WhiteTeam "Pristina"]
[BlackTeam "Ferizaji"]
[WhiteTeamCountry "KOS"]
[BlackTeamCountry "KOS"]

1. e4 c5 2. Nf3 e6 3. d4 cxd4 4. Nxd4 Nc6 5. Nb5 d6 6. Bf4 e5 7. Be3 a6 8. N5c3 Nf6 9. Nd5 Nxd5 10. exd5 Ne7 11. c4 Nf5 12. Nc3 Nxe3 13. fxe3 Be7 14. Bd3 0-0 15. 0-0 Qb6 16. Qe2 f5 17. Kh1 e4 18. Bb1 Bg5 19. Nd1 Bd7 20. Bc2 Rac8 21. b3 Qc5 22. Rc1 b5 23. g4 bxc4 24. b4 Qxd5 25. gxf5 Bxf5 26. Nc3 Qe5 27. Rxf5 Qxf5 28. Nxe4 Qe5 29. Rg1 Bh6 30. Rg3 Kh8 31. Nf2 Rf7 32. Kg2 Rcf8 33. Ng4 Qd5+ 34. e4 Qd2 35. Bd1 c3 36. Qxd2 Bxd2 37. Bb3 Rf4 38. e5 h5 39. Ne3 Rf2+ 40. Kh3 Bxe3 41. Rxe3 c2 42. Re1 g5 43. Bd5 Rf1 0-1

[Event "KOS-chT"]
[Site "Pristina"]
[Date "2025.05.25"]
[Round "2.21"]
[White "Xhembulla, Aleksander"]
[Black "Bujupi, Albert"]
[Result "1-0"]
[WhiteElo "2295"]
[BlackElo "2033"]
[PlyCount "87"]
[EventDate "2025.05.24"]
[EventType "team-tourn"]
[EventRounds "7"]
[EventCountry "KOS"]
[SourceTitle "CB23_2025"]
[SourceDate "2025.06.04"]
[SourceVersion "1"]
[SourceVersionDate "2025.06.04"]
[SourceQuality "1"]
[WhiteTeam "Ferizaji"]
[BlackTeam "Drenasi"]
[WhiteTeamCountry "KOS"]
[BlackTeamCountry "KOS"]

1. e4 e5 2. Nf3 Nc6 3. Bb5 Nf6 4. d3 d6 5. c3 Be7 6. 0-0 h6 7. Re1 0-0 8. Nbd2 a6 9. Ba4 Nh7 10. d4 b5 11. Bb3 exd4 12. cxd4 Na5 13. Bc2 c5 14. h3 Nc6 15. d5 Ne5 16. Nxe5 dxe5 17. Nf1 Rb8 18. Be3 Qd6 19. Rc1 Bd7 20. Bb1 Rbc8 21. Nd2 Qg6 22. Kh1 Nf6 23. f4 Bd6 24. fxe5 Bxe5 25. Nf3 Bg3 26. e5 Qh5 27. exf6 Bxh3 28. gxh3 Qxh3+ 29. Kg1 Bxe1 30. Qc2 g6 31. Qg2 Qxg2+ 32. Kxg2 Bb4 33. a3 Rfe8 34. axb4 Rxe3 35. bxc5 Kf8 36. c6 Ke8 37. b4 Kd8 38. Kf2 Rb3 39. d6 Rxb4 40. Ne5 Rf4+ 41. Kg3 Rxf6 42. c7+ Rxc7 43. dxc7+ Kc8 44. Be4 1-0

[Event "Titled Tuesday intern op 06th May Early"]
[Site "Chess.com INT"]
[Date "2025.05.06"]
[Round "4"]
[White "Tleukhanov, Yerlan"]
[Black "Xhembulla, Aleksander"]
[Result "1-0"]
[WhiteElo "2169"]
[BlackElo "2295"]
[PlyCount "31"]
[EventDate "2025.05.06"]
[EventType "swiss (blitz)"]
[EventRounds "11"]
[EventCountry "USA"]
[SourceTitle "CB20_2025"]
[SourceDate "2025.05.14"]
[SourceVersion "1"]
[SourceVersionDate "2025.05.14"]
[SourceQuality "1"]

1. e4 c5 2. Nf3 d6 3. d4 cxd4 4. Nxd4 Nf6 5. Nc3 g6 6. Be3 Bg7 7. f3 Nc6 8. Qd2 0-0 9. Bc4 Nxd4 10. Bxd4 Be6 11. Bxe6 fxe6 12. 0-0-0 Qa5 13. Kb1 Rfc8 14. h4 Rc4 15. Ne2 Rac8 16. Qxa5 1-0

[Event "Titled Tuesday intern op 06th May Early"]
[Site "Chess.com INT"]
[Date "2025.05.06"]
[Round "2"]
[White "Xhembulla, Aleksander"]
[Black "Suvradeepta, Das"]
[Result "1-0"]
[WhiteElo "2295"]
[BlackElo "2254"]
[PlyCount "93"]
[EventDate "2025.05.06"]
[EventType "swiss (blitz)"]
[EventRounds "11"]
[EventCountry "USA"]
[SourceTitle "CB20_2025"]
[SourceDate "2025.05.14"]
[SourceVersion "1"]
[SourceVersionDate "2025.05.14"]
[SourceQuality "1"]

1. c4 g6 2. Nf3 Bg7 3. g3 d6 4. d4 c6 5. Bg2 Qc7 6. 0-0 Nf6 7. Nc3 Nbd7 8. d5 0-0 9. e4 a6 10. Re1 b6 11. dxc6 Qxc6 12. e5 dxe5 13. Ng5 e4 14. Ngxe4 Ra7 15. Nd5 Nxd5 16. cxd5 Qb5 17. a4 Qb4 18. Ra3 Nf6 19. Nc3 Bg4 20. Qb3 a5 21. Bd2 Rd7 22. h3 Bf5 23. g4 Bd3 24. g5 Nh5 25. Ne4 Qxb3 26. Rxb3 Bc4 27. Rxb6 Bxd5 28. Bxa5 Nf4 29. Bf1 Bd4 30. Rb4 Ba8 31. Nc3 f6 32. Bb6 Bxb6 33. Rxb6 fxg5 34. a5 Nd3 35. Bxd3 Rxd3 36. a6 Rxh3 37. Ne4 Rh4 38. f3 Rxf3 39. Rb8+ Rf8 40. a7 Rxe4 41. Rf1 Ref4 42. Rd1 Be4 43. b4 Bf3 44. Rc1 Kg7 45. b5 Ra4 46. Rxf8 Kxf8 47. b6 1-0

[Event "Titled Tuesday intern op 25th Mar Early"]
[Site "Chess.com INT"]
[Date "2025.03.25"]
[Round "2"]
[White "Xhembulla, Aleksander"]
[Black "Lach, Aleksandra"]
[Result "1-0"]
[WhiteElo "2309"]
[BlackElo "2208"]
[PlyCount "75"]
[EventDate "2025.03.25"]
[EventType "swiss (blitz)"]
[EventRounds "11"]
[EventCountry "USA"]
[SourceTitle "CB14_2025"]
[SourceDate "2024.11.01"]
[SourceVersion "1"]
[SourceVersionDate "2024.11.01"]
[SourceQuality "1"]

1. c4 c6 2. Nf3 d5 3. b3 Nf6 4. Bb2 Bf5 5. e3 Nbd7 6. d4 e6 7. Bd3 Bb4+ 8. Nc3 Qa5 9. Rc1 Bxd3 10. Qxd3 Qxa2 11. Qc2 dxc4 12. bxc4 Qxc4 13. Nd2 Qa6 14. Ra1 Qb6 15. 0-0 0-0 16. Rfb1 a5 17. Nc4 Qc7 18. Ba3 b5 19. Ne5 Nxe5 20. dxe5 Qxe5 21. Bb2 Qg5 22. h3 Bd6 23. Rd1 Bb8 24. Rd4 a4 25. Rad1 a3 26. Ba1 c5 27. Ne4 Nxe4 28. Rxe4 Qe7 29. Rg4 f6 30. Rh4 g6 31. Re4 e5 32. Qb3+ Kh8 33. Qxb5 a2 34. Rd7 Qe6 35. Qb7 Ra7 36. Rxh7+ Kg8 37. Rg7+ Kh8 38. Rh4# 1-0

[Event "Titled Tuesday intern op 25th Mar Early"]
[Site "Chess.com INT"]
[Date "2025.03.25"]
[Round "3"]
[White "Xhembulla, Aleksander"]
[Black "Makarian, Rudik"]
[Result "0-1"]
[WhiteElo "2309"]
[BlackElo "2547"]
[PlyCount "86"]
[EventDate "2025.03.25"]
[EventType "swiss (blitz)"]
[EventRounds "11"]
[EventCountry "USA"]
[SourceTitle "CB14_2025"]
[SourceDate "2024.11.01"]
[SourceVersion "1"]
[SourceVersionDate "2024.11.01"]
[SourceQuality "1"]

1. e4 e5 2. Nf3 Nc6 3. Bc4 Nf6 4. d3 Be7 5. 0-0 0-0 6. a4 d6 7. Nc3 Na5 8. Ba2 Nc6 9. h3 Be6 10. Bg5 Bxa2 11. Nxa2 Nd7 12. Be3 h6 13. Nc3 Nf6 14. a5 d5 15. exd5 Nxd5 16. Nxd5 Qxd5 17. c3 Rfd8 18. Qa4 a6 19. Rfd1 Qb5 20. Qxb5 axb5 21. b4 f5 22. g3 g5 23. Kf1 f4 24. Bc5 Bxc5 25. bxc5 Rd5 26. c4 bxc4 27. dxc4 Rxc5 28. Rd5 Rxd5 29. cxd5 Rxa5 30. Rxa5 Nxa5 31. Nxe5 fxg3 32. fxg3 Kg7 33. Ke2 h5 34. Kd3 Kf6 35. Ke4 Nb3 36. Nd7+ Ke7 37. Ne5 b5 38. h4 gxh4 39. gxh4 Kd6 40. Ng6 Nd2+ 41. Kd4 Nf3+ 42. Ke4 b4 43. Kd3 Ne5+ 0-1

[Event "Titled Tuesday intern op 11th Mar Early"]
[Site "Chess.com INT"]
[Date "2025.03.11"]
[Round "3"]
[White "Xhembulla, Aleksander"]
[Black "Asensio Ramos, Enrique Fernando"]
[Result "0-1"]
[WhiteElo "2309"]
[BlackElo "2227"]
[PlyCount "138"]
[EventDate "2025.03.11"]
[EventType "swiss (blitz)"]
[EventRounds "11"]
[EventCountry "USA"]
[SourceTitle "CB12_2025"]
[SourceDate "2025.03.19"]
[SourceVersion "1"]
[SourceVersionDate "2025.03.19"]
[SourceQuality "1"]

1. c4 e5 2. Nf3 e4 3. Nd4 Nf6 4. Nc3 c6 5. e3 d5 6. cxd5 cxd5 7. d3 Bd7 8. dxe4 dxe4 9. Qc2 Bb4 10. Bc4 0-0 11. 0-0 Nc6 12. a3 Bxc3 13. Nxc6 Bxc6 14. Qxc3 Rc8 15. Qb3 b5 16. Be2 a6 17. Rd1 Qe7 18. Bd2 Rfd8 19. Bb4 Qe6 20. Qxe6 fxe6 21. Rac1 Rxd1+ 22. Rxd1 Bd5 23. Bc3 Kf7 24. Kf1 h6 25. h3 g5 26. f3 Rc7 27. Kf2 Rb7 28. Be5 Nd7 29. Bg3 Nf6 30. Rc1 Rd7 31. Ke1 h5 32. Rc8 h4 33. Be5 exf3 34. gxf3 Nh5 35. Kf2 Ng3 36. Bxg3 hxg3+ 37. Kxg3 e5 38. Rc2 Re7 39. Rd2 Be6 40. e4 Rb7 41. Bd1 b4 42. a4 a5 43. Be2 b3 44. Bb5 Rc7 45. Kf2 Rc2 46. Ke3 Rc1 47. Rd6 Re1+ 48. Kf2 Rb1 49. Rd2 Bxh3 50. Rd5 Rxb2+ 51. Kg3 Be6 52. Rxe5 Kf6 53. Rc5 Rb1 54. e5+ Ke7 55. Rc7+ Kd8 56. Rb7 b2 57. Kf2 Bf5 58. Bd3 Bxd3 59. Rb3 Bf5 60. e6 Ke7 61. Rb7+ Kxe6 62. Rb6+ Kf7 63. Rb5 Kf6 64. f4 gxf4 65. Rb6+ Be6 66. Rb5 Ra1 67. Rxb2 Rxa4 68. Kf3 Rb4 69. Ra2 Bxa2 0-1

[Event "Titled Tuesday intern op 11th Mar Late"]
[Site "Chess.com INT"]
[Date "2025.03.11"]
[Round "2"]
[White "Xhembulla, Aleksander"]
[Black "Melikhov, Evgeny V"]
[Result "1-0"]
[WhiteElo "2309"]
[BlackElo "2138"]
[PlyCount "111"]
[EventDate "2025.03.11"]
[EventType "swiss (blitz)"]
[EventRounds "11"]
[EventCountry "USA"]
[SourceTitle "CB12_2025"]
[SourceDate "2025.03.19"]
[SourceVersion "1"]
[SourceVersionDate "2025.03.19"]
[SourceQuality "1"]

1. c4 e6 2. Nf3 d5 3. g3 d4 4. Bg2 c5 5. 0-0 Nc6 6. d3 Nf6 7. e3 Bd6 8. exd4 cxd4 9. Bg5 h6 10. Bxf6 Qxf6 11. Nbd2 Bc7 12. Re1 Qd8 13. a3 a5 14. c5 0-0 15. Nc4 Re8 16. Nfd2 e5 17. Ne4 Re6 18. Ned6 Bxd6 19. Nxd6 Rxd6 20. cxd6 Qxd6 21. Rc1 Bd7 22. Qc2 f6 23. Qc5 Qxc5 24. Rxc5 a4 25. Rec1 Na5 26. Rc7 Bc6 27. Bxc6 bxc6 28. Kg2 h5 29. h4 Kh7 30. f4 Rb8 31. Rc2 Rb3 32. Ra7 Rb5 33. fxe5 Rxe5 34. Kh3 Kg6 35. Rf2 Nb3 36. Rxa4 c5 37. Rf1 Re3 38. Rd1 Re2 39. Ra7 Nd2 40. Rc7 Nf3 41. Rh1 Rxb2 42. Rxc5 f5 43. a4 Ra2 44. a5 Kf6 45. Rc6+ Kf7 46. a6 Ne5 47. Rc7+ Kf6 48. a7 Ng4 49. Rc6+ Kf7 50. Rc7+ Kf6 51. Rc2 Rxc2 52. a8Q Nf2+ 53. Kg2 Nxd3+ 54. Kf1 Rc1+ 55. Ke2 Rc8 56. Qa6+ 1-0

[Event "Titled Tuesday intern op 11th Feb Early"]
[Site "Chess.com INT"]
[Date "2025.02.11"]
[Round "3"]
[White "Jimenez Almeida, Luis David"]
[Black "Xhembulla, Aleksander"]
[Result "1-0"]
[WhiteElo "2203"]
[BlackElo "2322"]
[PlyCount "79"]
[EventDate "2025.02.11"]
[EventType "swiss (blitz)"]
[EventRounds "11"]
[EventCountry "USA"]
[SourceTitle "CB09_2025"]
[SourceDate "2025.02.27"]
[SourceVersion "1"]
[SourceVersionDate "2025.02.27"]
[SourceQuality "1"]

1. e4 g6 2. h4 d5 3. exd5 Qxd5 4. Nc3 Qa5 5. h5 Bg7 6. Bc4 Nc6 7. Nge2 Bg4 8. f3 Bd7 9. d4 e5 10. h6 Bf6 11. Bd2 Qb4 12. Bb3 exd4 13. Nd5 Qd6 14. Bf4 Be5 15. Bxe5 Qxe5 16. Qd2 0-0-0 17. 0-0-0 Be6 18. Nef4 Nge7 19. Rhe1 Qd6 20. Nxe6 fxe6 21. Rxe6 Qxe6 22. Nb6+ axb6 23. Bxe6+ Kb8 24. Re1 Rhf8 25. a3 Nf5 26. Bxf5 Rxf5 27. Re4 Rfd5 28. Kb1 d3 29. cxd3 Rxd3 30. Qf4 R8d7 31. Qf8+ Rd8 32. Re8 Kc8 33. Qg8 Rxe8 34. Qxe8+ Rd8 35. Qe6+ Rd7 36. g4 Nd4 37. Qg8+ Rd8 38. Qxh7 Nxf3 39. Qxg6 Nd2+ 40. Ka2 1-0

[Event "Olympiad-45"]
[Site "Budapest"]
[Date "2024.09.18"]
[Round "7.4"]
[White "Xhembulla, Aleksander"]
[Black "Rakotomaharavo, Dylan"]
[Result "1/2-1/2"]
[WhiteElo "2169"]
[BlackElo "2078"]
[PlyCount "144"]
[EventDate "2024.09.11"]
[EventType "team-swiss"]
[EventRounds "11"]
[EventCountry "HUN"]
[SourceTitle "EXT 2025"]
[Source "ChessBase"]
[SourceDate "2024.10.14"]
[SourceVersion "1"]
[SourceVersionDate "2024.10.14"]
[SourceQuality "1"]
[WhiteTeam "Albania"]
[BlackTeam "Madagascar"]
[WhiteTeamCountry "ALB"]
[BlackTeamCountry "MAD"]

1. e4 c5 2. Nf3 Nc6 3. d4 cxd4 4. Nxd4 Nf6 5. Nc3 e6 6. Be2 Bb4 7. 0-0 0-0 8. Nxc6 bxc6 9. e5 Nd5 10. Ne4 f5 11. a3 Be7 12. Nd6 Bxd6 13. exd6 a5 14. c4 Nf6 15. Qd4 a4 16. Re1 Ne4 17. f3 Qa5 18. Be3 e5 19. Qd1 Nc5 20. Qc2 Nb3 21. Rad1 Ba6 22. Bd3 g6 23. Qf2 Rab8 24. Bh6 Rf6 25. Bf1 Re6 26. Kh1 Qd8 27. h4 Qb6 28. Qg3 Rbe8 29. Bg5 f4 30. Qg4 h5 31. Qh3 Nc5 32. g4 hxg4 33. Qxg4 Qxb2 34. Be7 Kf7 35. Bh3 Qc3 36. h5 Rh8 37. hxg6+ Kg7 38. Rg1 e4 39. Rdf1 Qe5 40. fxe4 Qxe4+ 41. Kh2 Qe2+ 42. Rg2 Qxg4 43. Rxg4 Re2+ 44. Kg1 Rxh3 45. Rfxf4 Bxc4 46. Rxc4 Rxa3 47. Rc1 Re4 48. Rg2 Ne6 49. Rf1 Nf4 50. Bf6+ Kg8 51. Rb1 Rb3 52. Rxb3 axb3 53. Rb2 Re3 54. g7 Rg3+ 55. Kh2 Rh3+ 56. Kg1 c5 57. Rf2 Ne6 58. Rf5 Rh6 59. Bb2 Rg6+ 60. Kf2 c4 61. Re5 Rg5 62. Re4 Rc5 63. Bc3 Rc8 64. Ke3 Rb8 65. Rh4 Nxg7 66. Rg4 b2 67. Rxg7+ Kf8 68. Bxb2 Rxb2 69. Rxd7 Ke8 70. Rc7 Rb3+ 71. Kd4 Rd3+ 72. Kxc4 Rxd6 1/2-1/2

[Event "EU-ch U18"]
[Site "Prague"]
[Date "2024.08.30"]
[Round "8"]
[White "Xhembulla, Aleksander"]
[Black "Ristic, Luka"]
[Result "1-0"]
[WhiteElo "2201"]
[BlackElo "2274"]
[PlyCount "107"]
[EventDate "2024.08.22"]
[EventType "swiss"]
[EventRounds "9"]
[EventCountry "CZE"]
[SourceTitle "CBM 221 Extra"]
[Source "ChessBase"]
[SourceDate "2024.09.30"]
[SourceVersion "1"]
[SourceVersionDate "2024.09.30"]
[SourceQuality "1"]

1. e4 Nc6 2. d4 d5 3. e5 Bf5 4. c3 e6 5. Nd2 h5 6. f4 Nh6 7. Ndf3 f6 8. Bd3 Be7 9. Ne2 fxe5 10. fxe5 Qd7 11. Ng3 g6 12. Nxf5 gxf5 13. Bf4 0-0-0 14. Qd2 Nf7 15. 0-0-0 Rdg8 16. Kb1 Bf8 17. Bb5 Bh6 18. Bxh6 Rxh6 19. Rhe1 a6 20. Ba4 b5 21. Bc2 h4 22. b3 Rh5 23. Bd3 Ng5 24. Nxg5 Rhxg5 25. Bf1 Rg4 26. a4 Na7 27. axb5 Nxb5 28. Qb2 c6 29. Rd2 Qa7 30. Red1 Kd7 31. c4 Nc7 32. Qa3 Qb6 33. Qd6+ Kc8 34. Ka2 Rd8 35. Qa3 a5 36. Qb2 Na6 37. Qc3 Kb7 38. Kb2 Nb4 39. c5 Qc7 40. Ra1 Re4 41. Ra4 f4 42. Rd1 Kc8 43. Rda1 Re3 44. Qd2 Kd7 45. Rxa5 Rb8 46. R1a4 Ke8 47. Rxb4 h3 48. gxh3 Rf3 49. Rxb8+ Qxb8 50. Bd3 Rxh3 51. Qg2 Rh8 52. Qg6+ Kd7 53. Qg7+ Kd8 54. Qxh8+ 1-0

[Event "EU-ch U18"]
[Site "Prague"]
[Date "2024.08.28"]
[Round "6"]
[White "Xhembulla, Aleksander"]
[Black "Pidluznij, Gleb"]
[Result "1-0"]
[WhiteElo "2201"]
[BlackElo "2414"]
[PlyCount "111"]
[EventDate "2024.08.22"]
[EventType "swiss"]
[EventRounds "9"]
[EventCountry "CZE"]
[SourceTitle "CBM 221 Extra"]
[Source "ChessBase"]
[SourceDate "2024.09.30"]
[SourceVersion "1"]
[SourceVersionDate "2024.09.30"]
[SourceQuality "1"]

1. e4 e5 2. Nf3 Nc6 3. Bc4 Nf6 4. Ng5 d5 5. exd5 Na5 6. Bb5+ c6 7. dxc6 bxc6 8. Bd3 Nd5 9. Nf3 Bd6 10. 0-0 0-0 11. Re1 f5 12. Nxe5 Qf6 13. Nf3 g5 14. c4 Nf4 15. Bf1 g4 16. d4 gxf3 17. Qxf3 Ne6 18. Qc3 Nb7 19. c5 Bc7 20. b4 a5 21. b5 cxb5 22. Bxb5 a4 23. Bc4 Na5 24. Bd5 Ra6 25. Qd3 Rd8 26. Nc3 Kh8 27. Rb1 Nxd4 28. Bb2 Nac6 29. Nb5 Be5 30. Nd6 Bxd6 31. cxd6 Qxd6 32. Bxd4+ Nxd4 33. Qxd4+ Qf6 34. Qf4 Rad6 35. Bf3 Rd4 36. Qc7 Qd6 37. Qa5 Kg8 38. h3 Be6 39. Rb6 Qc7 40. Rexe6 Rd1+ 41. Bxd1 Rxd1+ 42. Re1 Rxe1+ 43. Qxe1 Qxb6 44. Qe8+ Kg7 45. Qxa4 f4 46. Qd7+ Kh6 47. Qd2 Qf6 48. Kh2 Kg6 49. a4 Qe5 50. Qd3+ Kg7 51. Qd7+ Kg6 52. Qc6+ Kg7 53. Qb7+ Kg8 54. Qb6 f3+ 55. g3 Qa1 56. Qb3+ 1-0

[Event "EU-ch U18"]
[Site "Prague"]
[Date "2024.08.24"]
[Round "3"]
[White "Farokhi, Keyvan"]
[Black "Xhembulla, Aleksander"]
[Result "1-0"]
[WhiteElo "2307"]
[BlackElo "2201"]
[PlyCount "77"]
[EventDate "2024.08.22"]
[EventType "swiss"]
[EventRounds "9"]
[EventCountry "CZE"]
[SourceTitle "CBM 221 Extra"]
[Source "ChessBase"]
[SourceDate "2024.09.30"]
[SourceVersion "1"]
[SourceVersionDate "2024.09.30"]
[SourceQuality "1"]

1. d4 Nf6 2. c4 e6 3. Nc3 d5 4. Nf3 Nbd7 5. e3 a6 6. b3 b6 7. Bb2 Bb7 8. Bd3 Bd6 9. Qc2 0-0 10. Rd1 Qe7 11. e4 dxc4 12. Bxc4 e5 13. 0-0 Rad8 14. Rfe1 exd4 15. Nxd4 Qe5 16. Nf3 Qh5 17. Nd5 Bxd5 18. exd5 a5 19. h3 Rfe8 20. Nd4 Bb4 21. Rxe8+ Rxe8 22. Nb5 Rc8 23. d6 cxd6 24. Nxd6 Bxd6 25. Rxd6 Qc5 26. Rd2 Ne5 27. Bd4 Qc7 28. Bxb6 Qxb6 29. Bxf7+ Kxf7 30. Qxc8 Qe6 31. Qc7+ Kg6 32. Qxa5 Qf5 33. Qb4 Nd3 34. Qc3 Nf4 35. Qc2 Ne4 36. Rd4 Nc3 37. Rd6+ Kg5 38. h4+ Kg4 39. f3+ 1-0

[Event "Titled Tuesday intern op 09th Jul Late"]
[Site "Chess.com INT"]
[Date "2024.07.09"]
[Round "2"]
[White "Xhembulla, Aleksander"]
[Black "Martins, Carlos"]
[Result "1-0"]
[WhiteElo "2201"]
[BlackElo "2187"]
[PlyCount "93"]
[EventDate "2024.07.09"]
[EventType "swiss (blitz)"]
[EventRounds "11"]
[EventCountry "USA"]
[SourceTitle "EXT 2025"]
[Source "ChessBase"]
[SourceDate "2024.10.14"]
[SourceVersion "1"]
[SourceVersionDate "2024.10.14"]
[SourceQuality "1"]

1. h4 d5 2. d4 Nf6 3. c4 dxc4 4. Nf3 h6 5. e3 Be6 6. Nbd2 b5 7. a4 c6 8. g3 a6 9. Bg2 Bd5 10. 0-0 Nbd7 11. Qe2 Ne4 12. Ne5 Nxe5 13. dxe5 Nxd2 14. Bxd5 cxd5 15. Bxd2 e6 16. Qg4 b4 17. h5 a5 18. e4 d4 19. Rfd1 Bc5 20. Qxg7 Rf8 21. Bxh6 Qb6 22. Qg5 Rh8 23. Bg7 Rh7 24. Rac1 c3 25. bxc3 bxc3 26. Bf6 Bf8 27. Rb1 c2 28. Rxb6 cxd1Q+ 29. Kg2 Rxh5 30. Rxe6+ fxe6 31. Qg6+ Kd7 32. Qf7+ Kc8 33. Qxe6+ Kb7 34. Qd5+ Kb8 35. Qb5+ Kc8 36. Qc6+ Kb8 37. Qb6+ Kc8 38. Qc6+ Kb8 39. Bh4 Rxh4 40. Qb6+ Kc8 41. Qe6+ Kb8 42. gxh4 Bb4 43. Qb6+ Kc8 44. Qe6+ Kb8 45. Qg8+ Kb7 46. Qg7+ Kb8 47. e6 1-0

[Event "Titled Tuesday intern op 07th May Late"]
[Site "Chess.com INT"]
[Date "2024.05.07"]
[Round "2"]
[White "Kamsky, Gata"]
[Black "Xhembulla, Aleksander"]
[Result "1-0"]
[WhiteElo "2616"]
[BlackElo "2167"]
[PlyCount "153"]
[EventDate "2024.05.07"]
[EventType "swiss (blitz)"]
[EventRounds "11"]
[EventCountry "USA"]
[SourceTitle "EXT 2025"]
[Source "ChessBase"]
[SourceDate "2024.10.14"]
[SourceVersion "1"]
[SourceVersionDate "2024.10.14"]
[SourceQuality "1"]

1. d4 Nf6 2. Bf4 c5 3. e3 Qb6 4. b3 cxd4 5. Qxd4 Qd8 6. Nf3 Nc6 7. Qd1 g6 8. c4 Bg7 9. Nbd2 0-0 10. Be2 d5 11. 0-0 Bg4 12. Rc1 d4 13. exd4 Nxd4 14. Nxd4 Qxd4 15. Be3 Qd7 16. Nf3 Qc7 17. b4 Rfd8 18. Qb3 Nh5 19. h3 Bd7 20. Rfd1 Nf4 21. Bf1 a6 22. a4 Bc6 23. b5 Bxf3 24. gxf3 Rxd1 25. Rxd1 Ne6 26. c5 Nxc5 27. Qc4 Ne6 28. Qxc7 Nxc7 29. Rd7 Ne6 30. b6 Rb8 31. Bc4 Bf6 32. Bd5 Nd8 33. Bh6 e6 34. Be4 Be5 35. Bg5 f6 36. Bh6 f5 37. Bc2 Nc6 38. Be3 Kf8 39. Bb3 Ke8 40. Rxh7 Nd4 41. Bxd4 Bxd4 42. a5 Bc3 43. Ba4+ Kf8 44. Bb3 Kg8 45. Rd7 Bxa5 46. Bxe6+ Kf8 47. Rh7 Bc3 48. Bd5 a5 49. Rxb7 Rxb7 50. Bxb7 a4 51. Bc6 Be5 52. Bd5 a3 53. b7 Bb8 54. f4 Ke7 55. Kg2 Kd6 56. Bf7 Kc5 57. Kf3 Kb4 58. Kg3 Kc3 59. Kh4 Bxf4 60. b8Q Bxb8 61. Kg5 f4 62. f3 Kd4 63. Kxg6 Ke5 64. h4 Ba7 65. h5 Bd4 66. h6 Kd6 67. Kf5 Ke7 68. Ba2 Be3 69. Kg6 Bd4 70. Kf5 Kf8 71. Kxf4 Bb2 72. Kg5 Ke7 73. f4 Kf8 74. f5 Bc1+ 75. Kg6 Bb2 76. f6 Bxf6 77. Kxf6 1-0

[Event "Titled Tuesday intern op 07th May Late"]
[Site "Chess.com INT"]
[Date "2024.05.07"]
[Round "1"]
[White "Rohwer, Paul"]
[Black "Xhembulla, Aleksander"]
[Result "0-1"]
[WhiteElo "2225"]
[BlackElo "2167"]
[PlyCount "72"]
[EventDate "2024.05.07"]
[EventType "swiss (blitz)"]
[EventRounds "11"]
[EventCountry "USA"]
[SourceTitle "EXT 2025"]
[Source "ChessBase"]
[SourceDate "2024.10.14"]
[SourceVersion "1"]
[SourceVersionDate "2024.10.14"]
[SourceQuality "1"]

1. e4 e5 2. Nf3 Nc6 3. Bb5 a6 4. Ba4 Nf6 5. d3 d6 6. 0-0 g6 7. c3 Bg7 8. h3 0-0 9. Re1 Nd7 10. Nbd2 Ne7 11. Bb3 Kh8 12. d4 exd4 13. cxd4 c5 14. Ng5 Qe8 15. e5 dxe5 16. dxe5 Nxe5 17. f4 Nd3 18. Rf1 h6 19. Ngf3 Nf5 20. Nc4 Nxc1 21. Rxc1 Be6 22. Re1 Qb8 23. Nce5 Bxb3 24. Qxb3 Qc7 25. g4 Nd6 26. Qd5 Rac8 27. Red1 Rfd8 28. b4 c4 29. Qc5 Kg8 30. Qxc7 Rxc7 31. Nxc4 Rdc8 32. Nxd6 Rxc1 33. Rxc1 Rxc1+ 34. Kf2 Bf8 35. Nxb7 Bxb4 36. Nd4 Rc7 0-1

[Event "Titled Tuesday intern op 09th Apr Late"]
[Site "Chess.com INT"]
[Date "2024.04.09"]
[Round "2"]
[White "Jun, Rudolf Jr"]
[Black "Xhembulla, Aleksander"]
[Result "1-0"]
[WhiteElo "2258"]
[BlackElo "2154"]
[PlyCount "173"]
[EventDate "2024.04.09"]
[EventType "swiss (blitz)"]
[EventRounds "11"]
[EventCountry "USA"]
[SourceTitle "EXT 2025"]
[Source "ChessBase"]
[SourceDate "2024.10.14"]
[SourceVersion "1"]
[SourceVersionDate "2024.10.14"]
[SourceQuality "1"]

1. e4 a6 2. d4 e6 3. Nf3 d5 4. exd5 Qxd5 5. c4 Qd8 6. Nc3 Nf6 7. Bg5 Be7 8. Bd3 0-0 9. 0-0 b6 10. Qc2 h6 11. Bh4 Bb7 12. Bxf6 Bxf6 13. Bh7+ Kh8 14. Be4 Nc6 15. d5 Nb4 16. Qb3 Bxc3 17. bxc3 exd5 18. cxd5 Nxd5 19. Rad1 Qf6 20. Bxd5 Bxd5 21. Rxd5 Rfe8 22. Rd7 Re7 23. Rxe7 Qxe7 24. Re1 Qf6 25. Qd5 Rd8 26. Qe5 Qxe5 27. Nxe5 Kg8 28. Nc6 Rd2 29. g3 Rc2 30. Ne7+ Kf8 31. Nd5 c6 32. Nxb6 Rxc3 33. Nd7+ Kg8 34. Re8+ Kh7 35. h4 h5 36. Ne5 f6 37. Nd7 Rc2 38. Rc8 Kg6 39. Nb8 Rxa2 40. Rxc6 a5 41. Ra6 a4 42. Kg2 Kf5 43. Nd7 a3 44. Nb6 Ra1 45. Nd5 Ke5 46. Nc3 g5 47. hxg5 fxg5 48. Nb5 a2 49. Nc3 Rc1 50. Nxa2 Ra1 51. Nb4 Rb1 52. Nd3+ Kd4 53. Rd6+ Ke4 54. Nc5+ Ke5 55. Rd8 Rb5 56. Nd3+ Kf5 57. Ne1 g4 58. Nd3 Kg5 59. Nf4 Ra5 60. Rd5+ Rxd5 61. Nxd5 Kf5 62. Ne3+ Kg5 63. Nc4 Kf5 64. Nd2 Ke5 65. Nc4+ Kf5 66. Nb6 Kg5 67. Nd7 Kf5 68. Nf8 Kg5 69. Nh7+ Kf5 70. Nf8 Kg5 71. Kg1 Kf5 72. Kf1 Kg5 73. Ke2 h4 74. Ne6+ Kf5 75. gxh4 Kxe6 76. Ke3 Ke5 77. h5 Kf5 78. h6 Kg6 79. Kf4 Kxh6 80. Kxg4 Kg6 81. Kf4 Kf6 82. f3 Ke7 83. Ke5 Kf8 84. Kf6 Ke8 85. f4 Kf8 86. f5 Ke8 87. Kg7 1-0

[Event "Titled Tuesday intern op 30th Jan Early"]
[Site "Chess.com INT"]
[Date "2024.01.30"]
[Round "4"]
[White "Dahlgren, James Allen"]
[Black "Xhembulla, Aleksander"]
[Result "0-1"]
[WhiteElo "1770"]
[BlackElo "2156"]
[PlyCount "58"]
[EventDate "2024.01.30"]
[EventType "swiss (blitz)"]
[EventRounds "11"]
[EventCountry "USA"]
[SourceTitle "EXT 2025"]
[Source "ChessBase"]
[SourceDate "2024.10.14"]
[SourceVersion "1"]
[SourceVersionDate "2024.10.14"]
[SourceQuality "1"]

1. d3 d5 2. f4 c5 3. Nf3 Nc6 4. g3 Bg4 5. Bg2 Nf6 6. 0-0 Qc7 7. Nc3 0-0-0 8. h3 Bxf3 9. Bxf3 e5 10. f5 Kb8 11. e4 dxe4 12. Nxe4 Nd4 13. c3 Nxf3+ 14. Qxf3 Qc6 15. Bg5 Be7 16. Rae1 c4 17. Bxf6 gxf6 18. Rd1 Rxd3 19. Rxd3 cxd3 20. Rd1 Rd8 21. Rxd3 Qb6+ 22. Kf1 Qxb2 23. Rxd8+ Bxd8 24. Nc5 Qa1+ 25. Kg2 Qxa2+ 26. Kh1 Qb1+ 27. Kg2 Qb2+ 28. Kh1 Qb5 29. Qd5 Qc6 0-1